Calidad de los alimentos, estandarización y ferias del agricultor en Costa Rica /
Gardado en:
| Autor Principal: | |
|---|---|
| Outros autores: | |
| Formato: | Libro |
| Idioma: | Spanish |
| Etiquetas: |
Engadir etiqueta
Sen Etiquetas, Sexa o primeiro en etiquetar este rexistro!
|
MARC
| LEADER | 00000nam a22000007a 4500 | ||
|---|---|---|---|
| 003 | cru CIDCACS/IIS | ||
| 005 | 20191204133543.0 | ||
| 007 | ta | ||
| 008 | 191129s2017 cr |||||r|||||||| ||spa|d | ||
| 999 | |c 42707 |d 42707 | ||
| 040 | |c cru CIDCACS/IIS | ||
| 100 | 1 | |9 4448 |a Zúñiga Escobar, Marianela | |
| 245 | 1 | |a Calidad de los alimentos, estandarización y ferias del agricultor en Costa Rica / |c Marianela Zúñiga-Escobar, Paulo André Niederle | |
| 300 | |a páginas 125-142 | ||
| 700 | 1 | |9 8841 |a Niederle, Paulo André | |
| 773 | 0 | |0 19251 |9 2907 |a Universidad Nacional de Costa Rica. |d Heredia, Costa Rica UNA; EUNA |o 17046 |t Perspectivas Rurales / | |
| 942 | |2 ddc |c PP | ||
